study on prevalence of gastro intestinal parasites in rolea paea district, kompong chhnang province សិក្សាអំពីបរាសិតក្នុងក្រពះពោះវៀនគោនៅក្នុងស្រុករលាប្អៀរ ខេត្តកំពង់ឆ្នាំង (Record no. 18570)
[ view plain ]
| 000 -LEADER | |
|---|---|
| fixed length control field | 00715nam a22001577a 4500 |
| 003 - CONTROL NUMBER IDENTIFIER | |
| control field | LRUA |
| 005 - DATE AND TIME OF LATEST TRANSACTION | |
| control field | 20191223150336.0 |
| 008 - FIXED-LENGTH DATA ELEMENTS--GENERAL INFORMATION | |
| fixed length control field | 191223b xxu||||| |||| 00| 0 eng d |
| 040 ## - CATALOGING SOURCE | |
| Transcribing agency | RUA |
| 082 ## - DEWEY DECIMAL CLASSIFICATION NUMBER | |
| Classification number | AVM PHE 2016 B654 Or.1 |
| 100 ## - MAIN ENTRY--PERSONAL NAME | |
| 9 (RLIN) | 14080 |
| Personal name | PHEAN SOPHEAKCHEATA ភាណ សុភជាតា |
| 245 ## - TITLE STATEMENT | |
| Title | study on prevalence of gastro intestinal parasites in rolea paea district, kompong chhnang province សិក្សាអំពីបរាសិតក្នុងក្រពះពោះវៀនគោនៅក្នុងស្រុករលាប្អៀរ ខេត្តកំពង់ឆ្នាំង |
| 260 ## - PUBLICATION, DISTRIBUTION, ETC. (IMPRINT) | |
| Place of publication, distribution, etc. | RUA |
| Name of publisher, distributor, etc. | Phnom penh |
| Date of publication, distribution, etc. | 2016 |
| 300 ## - PHYSICAL DESCRIPTION | |
| Extent | xii;37p |
| Other physical details | ill; |
| Dimensions | 29cm |
| 942 ## - ADDED ENTRY ELEMENTS (KOHA) | |
| Source of classification or shelving scheme | |
| Koha item type | AVM |
| Price effective from | Date last seen | Permanent Location | Not for loan | Date acquired | Source of classification or shelving scheme | Koha item type | Lost status | Withdrawn status | Date last checked out | Total Checkouts | Shelving location | Damaged status | Barcode | Current Location | Full call number |
|---|---|---|---|---|---|---|---|---|---|---|---|---|---|---|---|
| 2019-12-23 | 2023-08-11 | Library Block B | 2019-12-23 | AVM | 2023-07-31 | 1 | B654 | A42957 | Library Block B | AVM PHE 2016 B654 Or.1 | |||||
| 2019-12-23 | 2019-12-23 | Library Block B | 2019-12-23 | AVM | B654 | A42989 | Library Block B | AVM PHE 2016 B654 Or.2 | |||||||
| 2019-12-23 | 2019-12-23 | Library Block B | 2019-12-23 | AVM | 2019-12-23 | 1 | B654 | A42882 | Library Block B | AVM PHE 2016 B654 Or.2 | |||||
| 2019-12-23 | 2019-12-23 | Library Block B | 2019-12-23 | AVM | B654 | A44058 | Library Block B | AVM PHE 2016 B654 Or.4 | |||||||
| 2019-12-23 | 2019-12-23 | Library Block B | 2019-12-23 | AVM | B654 | A44151 | Library Block B | AVM PHE 2016 B654 Or.5 | |||||||
| 2019-12-23 | 2019-12-23 | Library Block B | 2019-12-23 | AVM | B654 | A43022 | Library Block B | AVM PHE 2016 B654 Or.6 |